100 Marvel Characters Quiz - Statistics

General Stats
  • This quiz has been taken 116 times
    105 since last reset
  • The average score is 43 of 100
Answer Stats
Character % Correct
Iron Man
97%
Captain America
94%
Thor
92%
Hulk
91%
Black Widow
90%
Hawkeye
88%
Spider-Man
87%
Loki
86%
Thanos
81%
Scarlet Witch
80%
Doctor Strange
78%
Ant-Man
77%
Black Panther
77%
Gamora
73%
Groot
73%
Rocket Raccoon
72%
Vision
72%
Captain Marvel
71%
Nick Fury
70%
Falcon
69%
Wolverine
69%
The Winter Soldier
67%
Deadpool
65%
Ultron
65%
War Machine
65%
Wasp
63%
Magneto
59%
Venom
57%
She-Hulk
56%
The Thing
56%
Daredevil
55%
Green Goblin
55%
Professor X
55%
Doctor Octopus
53%
Storm
53%
Human Torch
52%
Nebula
52%
Cyclops
51%
Invisible Woman
51%
Red Skull
50%
Sandman
50%
Doctor Doom
49%
Mantis
48%
Shuri
48%
Silver Surfer
47%
Wong
45%
Ms. Marvel
44%
Ghost Rider
42%
Mystique
42%
Carnage
41%
Iceman
41%
Punisher
41%
Electro
40%
Galactus
40%
Lizard
40%
Mister Fantastic
38%
Abomination
37%
Gambit
37%
Moon Knight
37%
Nightcrawler
37%
Kingpin
36%
Valkyrie
36%
Colossus
33%
Mysterio
33%
Shang Chi
33%
Vulture
33%
Cable
29%
Juggernaut
29%
The Rhino
28%
Emma Frost
26%
Black Cat
23%
Psylocke
22%
Spider-Woman
22%
Korg
20%
Bullseye
19%
Drax The Destroyer
19%
Domino
16%
Kraven The Hunter
16%
Ebony Maw
15%
Morbius
15%
Proxima Midnight
15%
Shocker
15%
The Collector
15%
Sabretooth
14%
Ironheart
13%
Anti-Venom
12%
R.E.S.C.U.E.
10%
Cull Obsidian
9%
Miek
8%
Riot
7%
Ronan The Accuser
7%
Mister Sinister
6%
Scream
6%
Rouge
3%
Kangaroo
1%
Black Dwarf
0%
Eteri the Dwarf
0%
Maria Hills
0%
Mephistopheles
0%
Zarathos
0%
No matching quizzes found
Score Distribution
Percent of People with Each Score
Percentile by Number Answered
Your Score History
You have not taken this quiz since the last reset